000 00832nam a2200265 i 4500
001 000044163
003 DO-SdBNP
005 20240515122326.0
007 ta
008 140603s2003 dr a 000 0 spa d
020 _a9993476986
040 _aDO-SdBNP
_bspa
_cBNPHU
_erda
082 4 _222
100 1 _aCassá, Roberto,
_d1948-
_910888
_eautor
245 1 0 _aFrancisco Alberto Caamaño Deñó :
_bel gigante de abril /
_cRoberto Cassá ; ilustraciones, Ramiro Manzano
264 _aSanto Domingo :
_bTOBOGAN,
_c2003.
300 _a107 páginas :
_bilustraciones ;
_c21 cm.
336 _2rdacontent
_atexto
_btxt
337 _2rdamedia
_asin mediación
_bn
338 _2rdacarrier
_avolumen
_bnc
490 _aBiografías Dominicanas
504 _aBibliografía : p. 107
590 _aInventariado, 2024/BT
942 _2ddc
_cLBS1
999 _c43652
_d43652